|
|
|
|
| LEADER |
00000nam a2200000 4500 |
| 001 |
CDOM0000002687 |
| 003 |
mi |
| 005 |
20251006150804.0 |
| 008 |
251006b |||||||| |||| 00| 0 eng d |
| 040 |
|
|
|c mi
|
| 245 |
1 |
|
|a The first acolyte reader
|
| 700 |
|
|
|a Dukahz, Casimir
|
| 700 |
|
|
|a Tryst, Simon
|
| 700 |
|
|
|a Esser, Kevin
|
| 700 |
|
|
|a Bard, K. I.
|
| 700 |
|
|
|a Lewis, Matt
|
| 700 |
|
|
|a Wood, Steven
|
| 700 |
|
|
|a Hakim
|
| 700 |
|
|
|a Henderson, Bob
|
| 700 |
|
|
|a Campbell, Robert
|
| 942 |
|
|
|2 ddc
|c BK
|
| 952 |
|
|
|0 0
|1 0
|2 ddc
|4 0
|7 0
|9 6145
|a MI
|b MI
|d 1986-02-18
|i 838
|l 0
|p CDOM838
|r 2025-07-13 16:28:00
|w 2025-07-13
|x ACQUISTO
|y BK
|
| 999 |
|
|
|c 4917
|d 4917
|